• 首页
  • 本馆介绍
  • 公告通知
  • 最新文献
  • 馆藏检索
  • 电子资源
  • 读者导购
  • 参考咨询
  • 我的图书馆
  • 登录
  • 详细信息显示
  • 放入我的书架
  • 预约/预借图书
  • 作者相关作品
  • 分类相关作品
  • 丛书相关作品
  • 出版社相关作品

书目信息

  • 表格格式
  • 工作单格式
  • 卡片格式
题名:
围棋治孤法
    
 
作者: 坂田荣男 著 ;志弈 译
分册:  
出版信息: 北京   人民出版社  1963
页数: 248页
开本: 19cm
丛书名:
单 册:
中图分类: G891.3
科图分类:
主题词: 文娱性体育活动
电子资源:
ISBN:
000 00575nam0 2200205 45
001 0405071643
005 20040507162409.5
010    @dCNY0.83
100    @a20040507d1963 km y0chiy0120 ea
101 0  @achi
105    @a z 000yy
200 1  @a围棋治孤法@AWei Qi Zhi Gu Fa@f(日)坂田荣男著@F(Ri)Ban Tian Rong Nan Zhu@g志弈译
210    @a北京@c人民出版社@d1963
215    @a248页@d19cm
606 0  @a文娱性体育活动
690    @aG891.3@v3
701  0 @a坂田荣男@4著
702  0 @a志弈@AZhi Yi@4译
801    @aCN@bTSTCL@c20040507
905    @f1@b173690@f2@b98938-939@dG891.3@e10
    
    围棋治孤法/(日)坂田荣男著/志弈译.-北京:人民出版社,1963
    248页;19cm
    
    
    ISBN :CNY0.83
    
●
相关链接 在E读中查询图书 在五车中查询图书 在当当中查询图书 在豆瓣中查询图书


正题名:围棋治孤法     索取号:G891.3/10         预约/预借

序号 登录号 条形码 馆藏地/架位号 状态 备注
1 0098938   000776388   第一样本阅览室/ [索取号:G891.3/10] 在馆    
2 0098939   001592672   密集书库/ [索取号:G891.3/10] 在馆    
3 0173690   001592510   密集书库/ [索取号:G891.3/10] 在馆    
唐山师范学院图书馆 欢迎您!
大连网信软件有限公司© 版权所有